| 000 | 02370ncm0a22003971 4500 | ||
|---|---|---|---|
| 001 | RU\NLR\ONIZ\219422 | ||
| 005 | 20250626085104.0 | ||
| 010 | _a978-5-9973-3980-7 | ||
| 021 |
_aRU _b16-367н _916-24н |
||
| 035 | _aRU\NLR\ONIZ\Таня\5000005437\20170824145302 | ||
| 035 | _a(NLR Aleph) 011535001 | ||
| 090 |
_a12164563 _c12164563 |
||
| 100 | _a20170824d2016 |||y0rusy50 ca | ||
| 101 | 0 | _arus | |
| 102 | _aRU | ||
| 125 | _azx | ||
| 145 | 0 | _ab | |
| 200 | 1 |
_aЧтение с листа на гитаре _bНоты _eучеб.-метод. пособие для преподавателей образовательных учреждений искусств и культуры сред. и высш. образования и студентов специальности "Музыкал.-инструмент. искусство" _fД. Н. Илларионов, Н. Н. Шатохина |
|
| 210 |
_aМосква _cСпутник+ _d2016 |
||
| 215 |
_a31 с. _d30 см |
||
| 300 | _aПояснит. записка: с. 4-7 | ||
| 313 | _aСистематизация документа проведена по изданию - Методика классифицирования музыкальных произведений (нотных изданий) по таблицам Библиотечно-библиографических классификаций : метод. рекомендации / Гос. б-ка СССР им. В.И. Ленина.- М., 1977. Индексу ББК методических рекомендаций присваивается код ББК для научных библиотек - LBC/SL | ||
| 606 | 1 |
_aПособия по игре на гитаре _yРоссия _zXXI век _jНоты _2nlr_sh |
|
| 686 |
_aЩ956.49(2Р) _vLBC/SL _2rubbk |
||
| 700 | 1 |
_9z01790 _aИлларионов _bД. Н. _gДмитрий Николаевич _4070 |
|
| 701 | 1 |
_9z02790 _aШатохина _bН. Н. _gНаталья Николаевна _4070 |
|
| 790 | 1 |
_9z01700 _aIllarionov _bD. N. _gDmitrij Nikolaevich _4070 |
|
| 790 | 1 |
_9z02701 _aShatoxina _bN. N. _gNatal`ya Nikolaevna _4070 |
|
| 801 | 0 |
_aRU _bNLR _c20170824 _gPSBO |
|
| 801 | 1 |
_aRU _bNLR _c20170824 _2rusmarc |
|
| 801 | 2 |
_aRU _bNLR _c20170824 |
|
| 852 |
_aNLR _bМ _jК-3/28534 _pМОЭ 2016-24н/367н (2 экз.) _t1 |
||
| 942 | _cSCORE | ||
| 980 | _aNB | ||
| 980 | _aONIZ | ||